000 00904nam a2200253Ia 4500
003 OSt
005 20220927111956.0
006 a|||||r|||| 00| 0
007 ta
008 220926b |||||||| |||| 00| 0 eng d
024 _a105898
037 _cReports
040 _aRTL
_cRTL
_beng
041 _2eng
_aeng
082 _a"X9(J:24).44Q7.N65t, K9"
110 _aPakistan Planning(Commission) Natural gas Fertilizer Factory (Multan) (Special evaluation teemon-). (1965) (Chairman: Ejaz Ahmed Naik)
_9382920
245 0 _aReport
260 _aIslamabad
_bPakistan Planning
_c1969
300 _a"iv, 60p."
_ccm.
650 _aSoil Industry
700 _aPakistan Planning(Commission) Natural gas Fertilizer Factory (Multan) (Special evaluation teemon-). (1965) (Chairman: Ejaz Ahmed Naik)
_9382921
942 _h"X9(J:24).44Q7.N65t, K9"
_cCC
999 _c699685
_d699685